000 00897nam a22002895a 4500
001 002662
003 armpunfd
005 20140612090712.0
008 130405s2012####ag############000#0#und#d
022 _a2250-7558
040 _aarmpunfd
_carmpunfd
080 _a343 D 444
100 1 _aAlagia, Alejandro.
245 1 0 _aDerecho penal :
_bAborto. Muerte Digna. Infanticidio /
_cAlagia, Alejandro; De Luca, Javier; Slokar, Alejandro(Directores).
260 _aBuenos Aires :
_bMinisterio de Justicia y Derechos Humanos de la Nacion,
_c2012.
300 _a489 p.
440 0 _aDerecho del Trabajo ;
_vAño 1 Numero 2
650 7 _aAborto
_2LEMB
650 7 _aDerecho Penal
_2LEMB
650 7 _aInfanticidio
_2LEMB
650 7 _aMuerte Digna
_2LEMB
700 1 _aDe Luca, Javier.
700 1 _aSlokar, Alejandro.
942 _c
_2cdu
945 _asa
_d2013-04-05
945 _asa
_d2013-04-05
999 _c2551
_d233055